01419nam a2200313Ia 450000500170000000800410001702000180005804000180007604100080009408200210010210000330012324501590015625000120031526000520032730000320037965000280041165000430043965000380048265000390052065000280055965000320058765000420061970000280066170000270068994200300071699900190074695201720076595201680093720220721145546.0210716s2004 xx 000 0 und d a9788120322431 cAIMIT LIBRARY aeng a006.3421b JANJ aJang, Jyh-Shing Roger952315 aNeuro fuzzy and soft computing :bComputational approach to learning and machine intelligence /cBy Jyh-Shing Roger Jang, Chuen-Tsai Sun and Eiji Mizutani a1st ed. aNew Delhi :bPHI Learning Private Limitedc2010 axxvi, 614 ;bPB :c23.5 cm. aFuzzy set Theory952316 aFuzzy Rules and Fuzzy Reasoning952317 aFuzzy Interference System 952318 aRegression and Optimization952319 aNeural Networks 952320 aNeuro-Fuzzy Modeling952321 aAdvanced Neuro-Fuzzy Modelling952322 a;Sun, Chuen-Tsai952323 aMizutani, Eiji.952324 2ddccBKe1stk006.34 JANJ c191365d191365 00102ddc40708MCAaAIMITbAIMITeBiblios Book Pointg350.00iBill no:1141; Bill dt:2011-07-20l0o006.34 JANJpMCA10873r2025-07-21 00:00:00v262.50w2021-07-16yBK 00102ddc40708MCAaAIMITbAIMITeKnowledge Worldg350.00iBill no:446; Bill dt:2015-03-20l0o006.34 JANJpMCA13990r2025-07-21 00:00:00v262.50w2021-07-16yBK